000 00856nam a2200217Ia 4500
003 GCL
005 20240530102525.0
008 140319s9999 xx 000 0 ara d
020 _a6785801977
040 _aGCL /
_cGCL
082 0 4 _a962.141
_bق/ا ت
100 1 _aالسيد محمد احمد عطا
245 1 0 _aتاريخ الغربية واعمالها فى العصر الاسلامى ( 21 - 567 هـ \ 642 - 1171 م ) /
_cالسيد محمد احمد عطا
260 _aالقاهرة :
_bالهيئة المصرية العامة للكتاب ،
_c2002
300 _a530 ص ؛
_c22 سم
490 _aتاريخ المصريين
_v205
650 0 4 _aالغربية، محافظة
650 0 4 _aمصر - تاريخ - عصر صدر الاسلام
650 0 4 _aالغربية - تاريخ - عصر صدر الاسلام
942 _2ddc
_cBK
999 _c32867
_d32867